[Event "Gorges op 29th"]
[Site "Gorges"]
[Date "2019.07.07"]
[Round "5"]
[White "Brecheteau, Paul"]
[Black "Fache, Jacques"]
[Result "1-0"]
[WhiteElo "1567"]
[BlackElo "1604"]
[PlyCount "77"]
[EventDate "2019.07.05"]
[EventType "swiss"]
[EventRounds "5"]
[EventCountry "FRA"]
[SourceTitle "EXT 2020"]
[Source "ChessBase"]
[SourceDate "2019.10.17"]
[SourceVersion "1"]
[SourceVersionDate "2019.10.17"]
[SourceQuality "1"]

1. e4 Nf6 2. e5 Nd5 3. d4 d6 4. f4 dxe5 5. fxe5 Nc6 6. Nf3 Bg4 7. c3 e6 8. Bd3 Be7 9. 0-0 Qd7 10. b4 Bxf3 11. Qxf3 0-0-0 12. Be3 h6 13. Be4 Nxe3 14. Qxe3 Bg5 15. Qf2 Rhf8 16. b5 Na5 17. h4 Be7 18. Nd2 f5 19. Bf3 g5 20. d5 Qxb5 21. Rfb1 Qc5 22. Nb3 Qxf2+ 23. Kxf2 Nxb3 24. axb3 Bc5+ 25. Kf1 g4 26. Be2 Rxd5 27. b4 Bb6 28. c4 Bd4 29. cxd5 Bxa1 30. Rxa1 exd5 31. Rxa7 Kb8 32. Ra3 c6 33. b5 b6 34. Ra4 c5 35. Rf4 Kc7 36. Bxg4 Ra8 37. Rxf5 Ra5 38. Rf7+ Kb8 39. e6 1-0